=LDR 00000nam 2200000 4500 =001 INLIS000000000055687 =005 20200722121314 =035 ##$$a 0010-0620000127 =007 ta =008 200722################g##########0#ind## =020 ##$$a 979-9516-17-X =082 ##$$a 2x5.1 =084 ##$$a 2x5.1 FAQ t =100 1#$$a Faqih, Khozin Abu =245 1#$$a Tawadhu /$c Khozin Abu Faqih =260 ##$$a Jakarta :$b Al-Intishom,$c 2001 =300 ##$$a 111 hlm., ; $c 12x18 cm =600 #4$$a Akhlak =990 ##$$a 1200300359